00393nam a2200145Ia 4500100002400000250000600024942000700030654000800037245003700045260003300082300000800115546001200123999001700135952009500152 aStallings/ William  a4 cBK aLAN aLocal Metropolitan Area Networks bMcmillan PubaNew yorkc1993 a550 aENGLISH c27150d27150 001040708CRCaCRCEbCRCEc1521 | 32d2023-03-17l0o p9091r2023-03-17w2023-03-17yBK